Daňové priznanie za rok 1996. 1

Konkrétny príklad výpočtu dane z príjmov fyzických osôb za r. 1996. Výpočet základu dane, možnosti uplatnenia odpočtov a postup pri vypĺňaní daňového priznania.

Salvato in:
Dettagli Bibliografici
Autore principale: Faiglová, Svetlana
Natura: Capitolo di libro
Lingua:slovacco
Soggetti:
Tags: Aggiungi Tag
Nessun Tag, puoi essere il primo ad aggiungerne!!

MARC

LEADER 00000naa a2200000 4500
001 r025583
005 20230824085320.9
041 0 |a slo 
044 |a SK 
245 1 0 |a Daňové priznanie za rok 1996. 1  |c Svetlana Faiglová 
520 |a Konkrétny príklad výpočtu dane z príjmov fyzických osôb za r. 1996. Výpočet základu dane, možnosti uplatnenia odpočtov a postup pri vypĺňaní daňového priznania. 
610 2 0 |a Slovensko 
610 2 0 |a 1996 
610 2 0 |a 1997 
610 2 0 |a priznania daňové 
610 2 0 |a dane z príjmov 
610 2 0 |a osoby fyzické 
100 1 |a Faiglová, Svetlana